=LDR 00000nam 2200000 4500 =001 INLIS000000000031280 =005 20130612133347 =008 ***********************************ind** =035 ##$$0010-061300000031280 =041 ##$$a ind =082 ##$$a 641. 86 =090 ##$$a 641. 86 , Soc b =100 ##$$a Soechan,Lanny =245 ##$$a Bika Ambon, Lanny Soechan; editor, Intarina Hardiman =260 ##$$a 2006 $b Jakarta =300 ##$$a 31 hlm. , ilus. , 24 cm =650 ##$$a Kue Bika =700 ##$$a Hardiman,Intarina =850 ##$$a NBPNMAT